000 00848nam a22002297i 4500
999 _c22704
_d22704
003 AR-CdUCM
008 231003b20212021pe aaaafr|||| 00| 0 spa d
040 _aMUNICIPALIDAD PROVINCIAL DEL CUSCO
_cBIBLIOTECA MUNICIPAL DEL CUSCO
041 _hspa
082 _a513.076 / O41 / T.I
_bO41 / T.I
100 _aOlarte Estrada, Joel Grimaldo
_944435
245 _aAritmética Razonada /
260 _aCusco :
_bBolaños,
_c2021.
300 _a267 páginas. :
_bIlustraciones,
_c21 cm.
500 _zBibliografía: página 269
505 _aTeoría de conjuntos -- Conjuntos equivalentes -- Sistema de los números naturales y enteros -- Números racionales -- Complemento aritmético
650 _aAritmética
_949257
650 _aConjuntos aritméticos
_948912
650 _aFracciones
_921887
942 _2ddc
_cLIBROS
945 _apebm
_d2023-10-03